[Event "Titled Tuesday intern op 01st Nov Early"]
[Site "Chess.com INT"]
[Date "2022.11.01"]
[Round "9"]
[White "Namitbir, Singh Walia"]
[Black "Toshali, V."]
[Result "1-0"]
[WhiteElo "2339"]
[BlackElo "2073"]
[PlyCount "67"]
[EventDate "2022.11.01"]
[EventType "swiss (blitz)"]
[EventRounds "11"]
[EventCountry "USA"]
[SourceTitle "EXT 2024"]
[Source "ChessBase"]
[SourceDate "2023.10.10"]
[SourceVersion "1"]
[SourceVersionDate "2023.10.10"]
[SourceQuality "1"]

1. d4 d5 2. c4 c6 3. Nf3 Nf6 4. g3 Bg4 5. Bg2 Nbd7 6. 0-0 e6 7. Qc2 Bf5 8. Qb3 Qb6 9. c5 Qa6 10. Nc3 Be7 11. Re1 0-0 12. Bd2 b6 13. cxb6 Nxb6 14. Ne5 c5 15. dxc5 Bxc5 16. e4 dxe4 17. Nxe4 Nxe4 18. Bxe4 Bxe4 19. Rxe4 Rfd8 20. Bg5 Rd5 21. Be3 Bxe3 22. Rxe3 Rad8 23. Rae1 Na4 24. Rf3 Nc5 25. Qc2 f6 26. Ng4 Nd3 27. Rd1 Nb4 28. Rxd5 exd5 29. Qf5 d4 30. a3 Nc6 31. Qe6+ Kh8 32. Rxf6 d3 33. Nh6 gxh6 34. Rf7 1-0

[Event "Titled Tuesday intern op 01st Nov Early"]
[Site "Chess.com INT"]
[Date "2022.11.01"]
[Round "10"]
[White "Tomaszewski, Kacper"]
[Black "Toshali, V."]
[Result "1-0"]
[WhiteElo "2313"]
[BlackElo "2073"]
[PlyCount "27"]
[EventDate "2022.11.01"]
[EventType "swiss (blitz)"]
[EventRounds "11"]
[EventCountry "USA"]
[SourceTitle "EXT 2024"]
[Source "ChessBase"]
[SourceDate "2023.10.10"]
[SourceVersion "1"]
[SourceVersionDate "2023.10.10"]
[SourceQuality "1"]

1. e4 e5 2. Nf3 Nc6 3. Nc3 Nf6 4. h3 Bc5 5. Nxe5 Nxe5 6. d4 Bxd4 7. Qxd4 d6 8. Bg5 h6 9. Bh4 g5 10. Bg3 Qe7 11. 0-0-0 Nc6 12. Bb5 Bd7 13. Bxc6 bxc6 14. e5 1-0

[Event "Titled Tuesday intern op 11th Oct Early"]
[Site "Chess.com INT"]
[Date "2022.10.11"]
[Round "5"]
[White "Toshali, V."]
[Black "Osiecki, Stanislaw"]
[Result "1-0"]
[WhiteElo "2073"]
[BlackElo "2055"]
[PlyCount "51"]
[EventDate "2022.10.11"]
[EventType "swiss (blitz)"]
[EventRounds "11"]
[EventCountry "USA"]
[SourceTitle "EXT 2024"]
[Source "ChessBase"]
[SourceDate "2023.10.10"]
[SourceVersion "1"]
[SourceVersionDate "2023.10.10"]
[SourceQuality "1"]

1. d4 Nf6 2. Nf3 g6 3. Bg5 Bg7 4. Nbd2 d6 5. e4 0-0 6. Bc4 h6 7. Bh4 Nbd7 8. e5 dxe5 9. dxe5 Ng4 10. e6 Nb6 11. exf7+ Kh7 12. Bb3 a5 13. a4 g5 14. Bg3 Bxb2 15. h4 Kg7 16. hxg5 hxg5 17. Nxg5 Rh8 18. Rxh8 Qxh8 19. Nh3 Bxa1 20. Qxa1+ Nf6 21. Qe5 Bxh3 22. gxh3 Qxh3 23. Qg5+ Kh8 24. Bh4 Qh1+ 25. Ke2 Nh7 26. Qg8+ 1-0

[Event "Titled Tuesday intern op 04th Oct Early"]
[Site "Chess.com INT"]
[Date "2022.10.04"]
[Round "6"]
[White "Mickiewicz, Piotr"]
[Black "Toshali, V."]
[Result "0-1"]
[WhiteElo "2272"]
[BlackElo "2073"]
[PlyCount "98"]
[EventDate "2022.10.04"]
[EventType "swiss (blitz)"]
[EventRounds "11"]
[EventCountry "USA"]
[SourceTitle "EXT 2023"]
[Source "ChessBase"]
[SourceDate "2022.10.05"]
[SourceVersion "1"]
[SourceVersionDate "2022.10.05"]
[SourceQuality "1"]

1. d4 d5 2. Nf3 Nf6 3. c4 c6 4. e3 Bg4 5. Qb3 Qb6 6. Nc3 Bxf3 7. gxf3 Nbd7 8. cxd5 Qxb3 9. axb3 Nxd5 10. Nxd5 cxd5 11. Bd2 e6 12. b4 Bd6 13. b5 Ke7 14. f4 Rhc8 15. Bd3 Nb6 16. b3 h6 17. h4 f6 18. Rg1 Kf8 19. Ke2 Rc7 20. h5 Nd7 21. Ra2 b6 22. Raa1 f5 23. Rg6 Nf6 24. f3 Kf7 25. Rag1 Nxh5 26. Bxf5 exf5 27. Rxd6 Re8 28. Rxd5 Nxf4+ 29. Kf2 Nxd5 30. Ra1 Nxe3 31. Bb4 f4 32. Bd6 Rc2+ 33. Kg1 Kg6 34. Bxf4 Nf5 35. Be5 Nh4 36. f4 Nf3+ 37. Kf1 Nxe5 38. fxe5 Re7 39. Re1 Rd2 40. Re4 Kf5 41. Rh4 Rd3 42. Ke2 Rxb3 43. Kd2 Rxb5 44. Kd3 Rd5 45. Kc4 Red7 46. Rh5+ Ke6 47. Rh4 Rxd4+ 48. Rxd4 Rxd4+ 49. Kxd4 h5 0-1

[Event "Titled Tuesday intern op 04th Oct Early"]
[Site "Chess.com INT"]
[Date "2022.10.04"]
[Round "8"]
[White "Tan, Jun Ying"]
[Black "Toshali, V."]
[Result "1-0"]
[WhiteElo "2189"]
[BlackElo "2073"]
[PlyCount "21"]
[EventDate "2022.10.04"]
[EventType "swiss (blitz)"]
[EventRounds "11"]
[EventCountry "USA"]
[SourceTitle "EXT 2023"]
[Source "ChessBase"]
[SourceDate "2022.10.05"]
[SourceVersion "1"]
[SourceVersionDate "2022.10.05"]
[SourceQuality "1"]

1. d4 d5 2. c4 c6 3. Nf3 Nf6 4. Nc3 dxc4 5. e4 b5 6. Be2 b4 7. Na4 Nxe4 8. Bxc4 Nd7 9. 0-0 Ndf6 10. Ne5 Bb7 11. Bxf7# 1-0

[Event "Raipur Chhattisgarh"]
[Site "Raipur"]
[Date "2022.09.25"]
[Round "7"]
[White "Jinan, Jomon"]
[Black "Toshali, V."]
[Result "1-0"]
[WhiteElo "2036"]
[BlackElo "2101"]
[PlyCount "127"]
[EventDate "2022.09.19"]
[EventType "swiss"]
[EventRounds "10"]
[EventCountry "IND"]
[SourceTitle "CBM 210 Extra"]
[Source "ChessBase"]
[SourceDate "2022.11.30"]
[SourceVersion "1"]
[SourceVersionDate "2022.11.30"]
[SourceQuality "1"]

1. e4 e5 2. Nf3 Nc6 3. Nc3 Nf6 4. d4 exd4 5. Nxd4 Bb4 6. Nxc6 bxc6 7. Bd3 0-0 8. 0-0 d5 9. exd5 cxd5 10. Bg5 c6 11. Na4 Bd6 12. Re1 Be6 13. c3 c5 14. Bc2 h6 15. Bh4 Re8 16. Qf3 g5 17. Bg3 Kg7 18. h4 Bg4 19. Qd3 Bxg3 20. fxg3 gxh4 21. Nxc5 Qc7 22. Qd4 Qxg3 23. Rf1 Qe3+ 24. Rf2 Qxd4 25. cxd4 Re2 26. Rxe2 Bxe2 27. Re1 Bg4 28. b4 Nh5 29. b5 Ng3 30. Kf2 Rb8 31. a4 Rb6 32. Bd3 Rf6+ 33. Ke3 Bf5 34. a5 Bxd3 35. Kxd3 Rf2 36. Rb1 Nf5 37. b6 axb6 38. axb6 Nd6 39. b7 Nxb7 40. Nxb7 Rxg2 41. Nd6 h3 42. Nf5+ Kf6 43. Ne3 Rg3 44. Ke2 h2 45. Rh1 Rh3 46. Ng4+ Kf5 47. Nf2 Rh4 48. Ke3 h5 49. Rd1 f6 50. Kf3 Kg5 51. Kg3 h1Q 52. Nxh1 Re4 53. Kf3 f5 54. Nf2 Rh4 55. Kg3 f4+ 56. Kf3 Kg6 57. Rg1+ Kf6 58. Re1 Rh2 59. Re5 Kg6 60. Rxd5 h4 61. Re5 h3 62. Re4 Kg5 63. d5 Kf5 64. Rxf4+ 1-0

[Event "Raipur Chhattisgarh"]
[Site "Raipur"]
[Date "2022.09.20"]
[Round "2"]
[White "Panda, Sambit"]
[Black "Toshali, V."]
[Result "1-0"]
[WhiteElo "2363"]
[BlackElo "2101"]
[PlyCount "107"]
[EventDate "2022.09.19"]
[EventType "swiss"]
[EventRounds "10"]
[EventCountry "IND"]
[SourceTitle "CBM 210 Extra"]
[Source "ChessBase"]
[SourceDate "2022.11.30"]
[SourceVersion "1"]
[SourceVersionDate "2022.11.30"]
[SourceQuality "1"]

1. d4 d5 2. c4 c6 3. cxd5 cxd5 4. Bf4 Nc6 5. e3 Nf6 6. Nc3 Bf5 7. Qb3 Qb6 8. Qxb6 axb6 9. Rc1 e6 10. a3 Be7 11. Nf3 Ne4 12. Nxe4 Bxe4 13. Ne5 Nxe5 14. Bxe5 f6 15. Bc7 Kf7 16. f3 Rac8 17. Kd2 Bg6 18. Bb5 Bd8 19. Bd6 Be7 20. Rc7 Rxc7 21. Bxc7 Bd8 22. Bxd8 Rxd8 23. Rc1 Kf8 24. Rc7 Rb8 25. Kc3 e5 26. Kb4 h5 27. Bd7 exd4 28. exd4 Be8 29. Kb5 Rd8 30. Bxe8 Rxe8 31. Rc2 Re6 32. b4 h4 33. h3 g5 34. a4 f5 35. a5 bxa5 36. bxa5 g4 37. hxg4 fxg4 38. fxg4 Kg8 39. g5 Kg7 40. Rc7+ Kg6 41. Rxb7 Re2 42. a6 Rxg2 43. Rb6+ Kxg5 44. a7 Rb2+ 45. Kc6 Ra2 46. Kb7 h3 47. a8Q Rxa8 48. Kxa8 Kf5 49. Rh6 Ke4 50. Rh4+ Kd3 51. Kb7 h2 52. Kc6 h1Q 53. Rxh1 Kxd4 54. Rd1+ 1-0

[Event "Titled Tuesday intern op 13th Sep Early"]
[Site "Chess.com INT"]
[Date "2022.09.13"]
[Round "4"]
[White "Toshali, V."]
[Black "Tarhan, Adar"]
[Result "0-1"]
[WhiteElo "2101"]
[BlackElo "2320"]
[PlyCount "104"]
[EventDate "2022.09.13"]
[EventType "swiss (blitz)"]
[EventRounds "11"]
[EventCountry "USA"]
[SourceTitle "EXT 2023"]
[Source "ChessBase"]
[SourceDate "2022.10.05"]
[SourceVersion "1"]
[SourceVersionDate "2022.10.05"]
[SourceQuality "1"]

1. d4 Nf6 2. Bf4 c5 3. e3 Nc6 4. c3 d5 5. Nd2 Bf5 6. Qb3 Qd7 7. dxc5 e5 8. Bg5 Bxc5 9. Ngf3 a6 10. Be2 h6 11. Bh4 Ne4 12. Nxe4 dxe4 13. Rd1 Qc7 14. Nd2 0-0 15. g4 Be6 16. Qc2 Rad8 17. Nxe4 Nb4 18. cxb4 Bxb4+ 19. Nc3 Rxd1+ 20. Bxd1 Bc4 21. Be2 Bxe2 22. Kxe2 Qc4+ 23. Qd3 Qxg4+ 24. Kf1 Qxh4 25. Rg1 Bxc3 26. Qxc3 Qxh2 27. Rg2 Qh1+ 28. Rg1 Qh3+ 29. Rg2 Rc8 30. Qd2 Qe6 31. Kg1 Qxa2 32. Qd7 Qe6 33. Qxb7 Rc1+ 34. Kh2 Qf6 35. Qa8+ Kh7 36. Qe4+ g6 37. b4 Qe6 38. Rg3 Rc4 39. Qb1 Qf6 40. Kg2 Qc6+ 41. Kh2 Rh4+ 42. Rh3 Rxh3+ 43. Kxh3 Qf3+ 44. Kh2 Qxf2+ 45. Kh3 Qxe3+ 46. Kh2 e4 47. Qa2 Qf4+ 48. Kg2 e3 49. Qxa6 Qf2+ 50. Kh3 e2 51. b5 e1Q 52. b6 Qe6# 0-1

[Event "Titled Tuesday intern op 05th Jul Early"]
[Site "Chess.com INT"]
[Date "2022.07.05"]
[Round "1"]
[White "Toshali, V."]
[Black "Bachmann, Axel"]
[Result "0-1"]
[WhiteElo "2101"]
[BlackElo "2588"]
[PlyCount "38"]
[EventDate "2022.07.05"]
[EventType "swiss (blitz)"]
[EventRounds "11"]
[EventCountry "USA"]
[SourceTitle "CBM 209 Extra"]
[Source "ChessBase"]
[SourceDate "2022.09.30"]
[SourceVersion "1"]
[SourceVersionDate "2022.09.30"]
[SourceQuality "1"]

1. d4 c5 2. c3 Nf6 3. Bf4 Qb6 4. Qb3 Nd5 5. Bg3 Qxb3 6. axb3 cxd4 7. cxd4 Nc6 8. e3 d6 9. Nc3 Ndb4 10. Kd2 Bd7 11. Nf3 b6 12. Bb5 Na5 13. Bxd7+ Kxd7 14. Ra3 e6 15. e4 f6 16. d5 e5 17. Ne1 g6 18. Nd3 Bh6+ 19. Kd1 Nxd3 0-1

[Event "Titled Tuesday intern op 05th Jul Early"]
[Site "Chess.com INT"]
[Date "2022.07.05"]
[Round "9"]
[White "Toshali, V."]
[Black "Melikhov, Evgeny V"]
[Result "1-0"]
[WhiteElo "2101"]
[BlackElo "2292"]
[PlyCount "87"]
[EventDate "2022.07.05"]
[EventType "swiss (blitz)"]
[EventRounds "11"]
[EventCountry "USA"]
[SourceTitle "CBM 209 Extra"]
[Source "ChessBase"]
[SourceDate "2022.09.30"]
[SourceVersion "1"]
[SourceVersionDate "2022.09.30"]
[SourceQuality "1"]

1. d4 Nf6 2. Nf3 d5 3. Bf4 c5 4. e3 Nc6 5. Nbd2 cxd4 6. exd4 Bg4 7. c3 e6 8. Qb3 Qc8 9. Bb5 Bxf3 10. Nxf3 a6 11. Bd3 Be7 12. 0-0 0-0 13. h3 h6 14. Ne5 Nxe5 15. Bxe5 Nd7 16. Bg3 b5 17. a4 bxa4 18. Rxa4 Qb8 19. Bxb8 Rfxb8 20. Qa2 Rb6 21. Ra1 Nb8 22. c4 dxc4 23. Bxc4 Nc6 24. Qb1 a5 25. d5 exd5 26. Bxd5 Rab8 27. Bxc6 Rxc6 28. Qe4 Re6 29. Qf4 Rxb2 30. Rxa5 Bf6 31. Ra8+ Kh7 32. Qf5+ g6 33. Qf3 Rbe2 34. Rf1 Kg7 35. Ra4 h5 36. Rb1 Rc2 37. Rab4 Ree2 38. Rf4 Re6 39. Qd3 Rce2 40. Rb7 Re1+ 41. Kh2 Be5 42. Rbxf7+ Kh6 43. Qf3 Ra1 44. g3 1-0

[Event "Speed Chess (Women) Q2"]
[Site "Chess.com INT"]
[Date "2022.05.26"]
[Round "6"]
[White "Toshali, V."]
[Black "Bhagyashree, Patil"]
[Result "0-1"]
[WhiteElo "2130"]
[BlackElo "1977"]
[PlyCount "114"]
[EventDate "2022.05.26"]
[EventType "swiss (blitz)"]
[EventRounds "14"]
[EventCountry "USA"]
[SourceTitle "CBM 208 Extra"]
[Source "ChessBase"]
[SourceDate "2022.07.31"]
[SourceVersion "1"]
[SourceVersionDate "2022.07.31"]
[SourceQuality "1"]

1. Nc3 Nf6 2. d4 d5 3. Bg5 e6 4. e3 Be7 5. Bd3 h6 6. Bf4 c5 7. Nf3 0-0 8. Ne5 c4 9. Be2 a6 10. g4 Nfd7 11. Nf3 f5 12. gxf5 Rxf5 13. Rg1 Kh8 14. Kd2 b5 15. Qf1 Qf8 16. Qh3 Nc6 17. Nh4 Bxh4 18. Qxh4 Nf6 19. Rg6 Nh7 20. Rag1 Ra7 21. Bxh6 gxh6 22. Rg8+ Qxg8 23. Rxg8+ Kxg8 24. Qg3+ Rg7 25. Qd6 Ne7 26. Qd8+ Rf8 27. Qd6 Rxf2 28. Nd1 Rf8 29. h3 Ng5 30. Qh2 Nf5 31. c3 Nd6 32. Kc1 Nde4 33. Bg4 Nf3 34. Qd6 Nfg5 35. Qc6 h5 36. Bxh5 Nxh3 37. Be2 Nhf2 38. Nxf2 Nxf2 39. Bh5 Ne4 40. b3 Nxc3 41. Kb2 Ne4 42. bxc4 bxc4 43. Be2 c3+ 44. Ka3 Rg2 45. Bd3 Rg7 46. Bxe4 dxe4 47. Qxc3 Bb7 48. Qb3 Bd5 49. Qb6 Rb7 50. Qd6 Rfb8 51. Qg3+ Kf7 52. Qf4+ Ke7 53. Qg5+ Kd7 54. Qg7+ Kc6 55. Qg1 Rb5 56. Qc1+ Kd6 57. Qc3 R8b6 0-1

[Event "Speed Chess (Women) Q2"]
[Site "Chess.com INT"]
[Date "2022.05.26"]
[Round "8"]
[White "Toshali, V."]
[Black "Khamdamova, Afruza"]
[Result "1-0"]
[WhiteElo "2130"]
[BlackElo "1874"]
[PlyCount "47"]
[EventDate "2022.05.26"]
[EventType "swiss (blitz)"]
[EventRounds "14"]
[EventCountry "USA"]
[SourceTitle "CBM 208 Extra"]
[Source "ChessBase"]
[SourceDate "2022.07.31"]
[SourceVersion "1"]
[SourceVersionDate "2022.07.31"]
[SourceQuality "1"]

1. Nc3 d5 2. e4 d4 3. Nce2 c5 4. Ng3 Nc6 5. Nf3 e5 6. Bc4 Be7 7. d3 Nf6 8. 0-0 0-0 9. Qe2 Bg4 10. h3 Bd7 11. a3 a6 12. Nh4 b5 13. Ba2 Nxe4 14. Nxe4 Bxh4 15. Nxc5 Be7 16. Nxd7 Qxd7 17. Qe4 Rac8 18. f4 Bd6 19. f5 Be7 20. f6 Bxf6 21. Rxf6 gxf6 22. Bh6 f5 23. Qh4 Ne7 24. Qf6 1-0

[Event "Speed Chess (Women) Q2"]
[Site "Chess.com INT"]
[Date "2022.05.26"]
[Round "4"]
[White "Toshali, V."]
[Black "Pham, Bich Ngoc"]
[Result "0-1"]
[WhiteElo "2130"]
[BlackElo "2240"]
[PlyCount "34"]
[EventDate "2022.05.26"]
[EventType "swiss (blitz)"]
[EventRounds "14"]
[EventCountry "USA"]
[SourceTitle "CBM 208 Extra"]
[Source "ChessBase"]
[SourceDate "2022.07.31"]
[SourceVersion "1"]
[SourceVersionDate "2022.07.31"]
[SourceQuality "1"]

1. d4 Nf6 2. Nf3 d5 3. Bf4 g6 4. e3 Bg7 5. Nc3 0-0 6. Be2 c6 7. Ne5 Nbd7 8. h4 Ne4 9. Nxe4 dxe4 10. g4 Nxe5 11. dxe5 Qa5+ 12. Qd2 Qxd2+ 13. Kxd2 Rd8+ 14. Kc3 f6 15. Rad1 Be6 16. Bc4 Bxc4 17. Kb4 Be6 0-1

[Event "Speed Chess (Women) Q1"]
[Site "Chess.com INT"]
[Date "2022.05.25"]
[Round "4"]
[White "Pandey, Srishti"]
[Black "Toshali, V."]
[Result "1-0"]
[WhiteElo "2123"]
[BlackElo "2130"]
[PlyCount "55"]
[EventDate "2022.05.24"]
[EventType "swiss (blitz)"]
[EventRounds "14"]
[EventCountry "USA"]
[SourceTitle "CBM 208 Extra"]
[Source "ChessBase"]
[SourceDate "2022.07.31"]
[SourceVersion "1"]
[SourceVersionDate "2022.07.31"]
[SourceQuality "1"]

1. d4 Nc6 2. Nf3 d5 3. c4 Bg4 4. cxd5 Bxf3 5. gxf3 Qxd5 6. e3 e5 7. Nc3 Bb4 8. dxe5 Qxe5 9. Bd2 Rd8 10. Qb3 Nf6 11. 0-0-0 0-0 12. Bc4 Be7 13. Ne2 Na5 14. Bxa5 Qxa5 15. Rxd8 Rxd8 16. Bxf7+ Kf8 17. Nd4 Rd6 18. Rg1 Rb6 19. Qc4 Rb4 20. Ne6+ Kxf7 21. Rxg7+ Ke8 22. Nxc7+ Kd7 23. Qe6+ Kxc7 24. Qxe7+ Kb6 25. Qxf6+ Kb5 26. Rxb7+ Ka4 27. b3+ Ka3 28. Qb2# 1-0

[Event "Speed Chess (Women) Q1"]
[Site "Chess.com INT"]
[Date "2022.05.25"]
[Round "7"]
[White "Toshali, V."]
[Black "Yeshchenko, Uliana"]
[Result "1-0"]
[WhiteElo "2130"]
[BlackElo "2097"]
[PlyCount "63"]
[EventDate "2022.05.24"]
[EventType "swiss (blitz)"]
[EventRounds "14"]
[EventCountry "USA"]
[SourceTitle "CBM 208 Extra"]
[Source "ChessBase"]
[SourceDate "2022.07.31"]
[SourceVersion "1"]
[SourceVersionDate "2022.07.31"]
[SourceQuality "1"]

1. d4 d5 2. Nf3 Nf6 3. Bf4 c5 4. e3 Nc6 5. Nbd2 cxd4 6. exd4 Bg4 7. c3 e6 8. Bd3 Bd6 9. Bg5 h6 10. Bh4 0-0 11. Qb3 Rb8 12. 0-0 Be7 13. h3 Bh5 14. g4 Bg6 15. Bxg6 fxg6 16. Bg3 Bd6 17. Kg2 Bxg3 18. fxg3 Qd6 19. Rae1 Kh8 20. Nh4 Kh7 21. Qc2 Ne4 22. Nxe4 dxe4 23. Qxe4 e5 24. d5 Ne7 25. c4 Qb4 26. Qc2 Rbc8 27. Rxf8 Rxf8 28. Rxe5 Kg8 29. Rxe7 Qxe7 30. Nxg6 Qe3 31. Nxf8 Kxf8 32. Qf2+ 1-0

[Event "Titled Tuesday intern op 21st Dec"]
[Site "Chess.com INT"]
[Date "2021.12.21"]
[Round "4"]
[White "Jorquera Cahuin, Marcelo Joaquin"]
[Black "Toshali, V."]
[Result "0-1"]
[WhiteElo "2233"]
[BlackElo "2126"]
[PlyCount "138"]
[EventDate "2021.12.21"]
[EventType "swiss (blitz)"]
[EventRounds "11"]
[EventCountry "USA"]
[SourceTitle "CBM 205 Extra"]
[Source "ChessBase"]
[SourceDate "2022.01.31"]
[SourceVersion "1"]
[SourceVersionDate "2022.01.31"]
[SourceQuality "1"]

1. e4 b6 2. d4 Bb7 3. Bd3 g6 4. Nc3 Bg7 5. Be3 Nc6 6. Nge2 d6 7. f3 e5 8. d5 Nce7 9. g4 h5 10. g5 c6 11. dxc6 Nxc6 12. Qd2 Nge7 13. 0-0-0 0-0 14. Kb1 d5 15. exd5 Nxd5 16. Nxd5 Qxd5 17. Be4 Qxd2 18. Rxd2 Rad8 19. Rhd1 Rxd2 20. Rxd2 Rd8 21. c3 Bf8 22. h4 Rxd2 23. Bxd2 Na5 24. Bxb7 Nxb7 25. Kc2 Nd6 26. Ng3 Kg7 27. b3 f6 28. gxf6+ Kxf6 29. Bg5+ Ke6 30. Kd3 Bg7 31. Ne4 Nf5 32. c4 Bf8 33. a4 Bb4 34. Bd8 Be1 35. Ng5+ Kd7 36. Bf6 Bxh4 37. Ne4 Bxf6 38. Nxf6+ Ke6 39. Ne4 h4 40. b4 Ng3 41. Ng5+ Kd7 42. Nh3 Kc6 43. Ke3 Kd6 44. Kd3 Ke6 45. Nf2 g5 46. Nh3 Kf5 47. c5 bxc5 48. bxc5 g4 49. fxg4+ Kxg4 50. Nf2+ Kf3 51. Nh3 e4+ 52. Kd4 e3 53. Ng5+ Kf4 54. Nh3+ Kg4 55. Ng1 e2 56. Nxe2 Nxe2+ 57. Kc4 Nf4 58. c6 Ne6 59. Kd5 Nc7+ 60. Kd6 Na6 61. c7 Nxc7 62. Kxc7 h3 63. Kb7 a5 64. Ka6 h2 65. Kxa5 h1Q 66. Kb6 Qa8 67. a5 Kf5 68. a6 Ke6 69. a7 Kd7 0-1

[Event "Titled Tuesday intern op 21st Dec"]
[Site "Chess.com INT"]
[Date "2021.12.21"]
[Round "5"]
[White "Toshali, V."]
[Black "Itkis, Boris"]
[Result "0-1"]
[WhiteElo "2126"]
[BlackElo "2343"]
[PlyCount "90"]
[EventDate "2021.12.21"]
[EventType "swiss (blitz)"]
[EventRounds "11"]
[EventCountry "USA"]
[SourceTitle "CBM 205 Extra"]
[Source "ChessBase"]
[SourceDate "2022.01.31"]
[SourceVersion "1"]
[SourceVersionDate "2022.01.31"]
[SourceQuality "1"]

1. b4 c6 2. Bb2 a5 3. c3 Qb6 4. a3 e6 5. Qc2 Nf6 6. Nf3 d5 7. e3 c5 8. b5 a4 9. c4 Bd7 10. d3 Be7 11. Nc3 0-0 12. Nxa4 Qa5+ 13. Nc3 e5 14. d4 exd4 15. exd4 dxc4 16. Bxc4 cxd4 17. Nxd4 Rc8 18. Qb3 Bc5 19. Nf3 Re8+ 20. Be2 Qb6 21. 0-0 Bxf2+ 22. Kh1 Be6 23. Qc2 Be3 24. Bd3 Nbd7 25. Ne4 Nxe4 26. Bxe4 g6 27. Bd3 Rac8 28. Qd1 Nc5 29. Be2 Rcd8 30. Qc2 Bf5 31. Qc4 Ne4 32. g3 Nf2+ 33. Kg2 Nd3 34. Qb3 Nxb2 35. Qxb2 Be4 36. a4 Rd2 37. Qb3 Rxe2+ 38. Kh3 Bf5+ 39. g4 Bxg4+ 40. Kxg4 Re4+ 41. Kh3 Qf6 42. Qd3 Qf5+ 43. Kg3 Rg4+ 44. Kh3 Qh5+ 45. Nh4 Qxh4# 0-1